Sports Quiz

Random Sports or Football Quiz

Scorers: Highest Scoring Premier League Game Quiz Stats

 Plays Quiz not verified by Sporcle

Score 0/9 Timer 01:00
0 Plays Today
% Correct
Kranjcar
65.9%
Kitson
60%
Muntari
58.8%
Hreidarsson
56.5%
Mwaruwari
51.8%
Hunt
43.5%
Shorey
43.5%
Long
41.2%
Davis
36.5%

You're not logged in!

Compare scores with friends on all Sporcle quizzes.
OR
Log In

Sporcle TV

Today on Sporcle TV


Watch our educational content, quiz creation guides, and fun videos on Sporcle TV.

Show Comments

Extras

Top Quizzes Today


Score Distribution

Your Account Isn't Verified!

In order to create a playlist on Sporcle, you need to verify the email address you used during registration. Go to your Sporcle Settings to finish the process.

Report this User

Report this user for behavior that violates our Community Guidelines.

Details: